Tulonamulok rajneeti (Record no. 8656)

MARC details
000 -LEADER
fixed length control field 00636cam a2200241ua 4500
008 - FIXED-LENGTH DATA ELEMENTS--GENERAL INFORMATION
fixed length control field 160310n ii |||gr||||Z||||||asm
020 ## - INTERNATIONAL STANDARD BOOK NUMBER
International Standard Book Number 9788192321875
040 ## - CATALOGING SOURCE
Transcribing agency MAIN
041 ## - LANGUAGE CODE
-- asm
082 ## - DEWEY DECIMAL CLASSIFICATION NUMBER
Classification number 320.3
100 ## - MAIN ENTRY--PERSONAL NAME
Personal name Das, Deepan,
Relator term
245 1# - TITLE STATEMENT
Title Tulonamulok rajneeti
Statement of responsibility, etc. by Deepan Das and others
250 ## - EDITION STATEMENT
Edition statement 1st ed.
260 ## - PUBLICATION, DISTRIBUTION, ETC.
Place of publication, distribution, etc. Dibrugarh:
Name of publisher, distributor, etc. National library,
Date of publication, distribution, etc. 2013.
300 ## - PHYSICAL DESCRIPTION
Extent 314p.
700 ## - ADDED ENTRY--PERSONAL NAME
Personal name Borah, Gonesh Ch.,
Relator term
700 ## - ADDED ENTRY--PERSONAL NAME
Personal name Dutta, Debo Kumar,
Relator term
700 ## - ADDED ENTRY--PERSONAL NAME
Personal name Baruah, Santisaya,
Relator term
942 ## - ADDED ENTRY ELEMENTS (KOHA)
Koha item type Books
653 ## - INDEX TERM--UNCONTROLLED
Uncontrolled term Political science
653 ## - INDEX TERM--UNCONTROLLED
Uncontrolled term Comparative politics
Holdings
Withdrawn status Lost status Damaged status Not for loan Home library Current library Shelving location Date acquired Total Checkouts Full call number Barcode Date last seen Copy number Price effective from Koha item type
        Central Library, Naharkatiya College Central Library, Naharkatiya College General Stacks 19/09/2020   320.3 | TUL 23138 19/09/2020 2 19/09/2020 Books
        Central Library, Naharkatiya College Central Library, Naharkatiya College General Stacks 19/09/2020   320.3 | TUL 23139 19/09/2020 1 19/09/2020 Books

Naharkatiya College © 2020. All rights reserved.

Powered By